| 000 | 00826 a2200265 4500 | ||
|---|---|---|---|
| 001 | 200158717 | ||
| 999 |
_c200158717 _d38244 |
||
| 003 | TR-AnTOB | ||
| 005 | 20240117152146.0 | ||
| 008 | 140127s2013 tu 000 0 | ||
| 020 | _a9789750223709 | ||
| 040 | _aTR-AnTOB | ||
| 041 | _atur | ||
| 050 |
_aKKX3147 _b.D86 2013 |
||
| 090 | _aKKX3147 .D86 2013 | ||
| 100 | 1 |
_aDuman, Bahattin _933007 |
|
| 245 | 0 |
_aYükseköğretim ceza ve disiplin soruşturması : _byönetici-personel-öğrenci / _cBahattinDuman. |
|
| 250 | _aGüncelleştirilmiş 4. baskı. | ||
| 264 | 1 |
_aAnkara : _bSeçkin Yayınları, _c2013 |
|
| 300 |
_a425 s.; _c24 cm. |
||
| 504 | _aKaynakça var. | ||
| 650 | 7 |
_aEğitim, Yüksek _xHukuk ve mevzuat _zTürkiye _2etuturkob _933008 |
|
| 650 | 0 |
_aEducation, Higher _xLaw and legislation _zTurkey _972228 |
|
| 942 | _cBK | ||